Стратегии маркетинга в сложном окружении. Кн. 3 (Запись № 12125251)

Подробности
000 -МАРКЕР
контрольное поле 01712nam2a2200289 4500
001 - ИДЕНТИФИКАТОР ЗАПИСИ
контрольное поле RU\NLR\BIBL_A\011526924
005 - ИДЕНТИФИКАТОР ВЕРСИИ
контрольное поле 20260405115334.0
010 ## - МЕЖДУНАРОДНЫЙ СТАНДАРТНЫЙ НОМЕР КНИГИ (ISBN)
Номер (ISBN) 978-5-7527-0463-5
010 ## - МЕЖДУНАРОДНЫЙ СТАНДАРТНЫЙ НОМЕР КНИГИ (ISBN)
Номер (ISBN) 978-5-7527-0457-4
Уточнения курсовой
Тираж 100
021 ## - НОМЕР ГОСУДАРСТВЕННОЙ РЕГИСТРАЦИИ
Код страны российская федерация
Номер 2017-79907
Номер Листа государственной регистраци 5702
035 ## - ДРУГИЕ СИСТЕМНЫЕ НОМЕРА
Идентификатор записи (RuMoRGB)009427182
035 ## - ДРУГИЕ СИСТЕМНЫЕ НОМЕРА
Идентификатор записи (NLR Aleph) 011526924
100 ## - ДАННЫЕ ОБЩЕЙ ОБРАБОТКИ
Данные общей обработки 20171115d2017 |||y0rusy50 ca
101 1# - ЯЗЫК РЕСУРСА
Язык текста, звукозаписи и т.д. русский
Язык оригинала английский
102 ## - СТРАНА ПУБЛИКАЦИИ ИЛИ ПРОИЗВОДСТВА
Страна публикации российская федерация
105 ## - ПОЛЕ КОДИРОВАННЫХ ДАННЫХ: ТЕКСТОВЫЕ МАТЕРИАЛЫ, МОНОГРАФИЧЕСКИЕ
Кодированные данные о монографическом текстовом документе a|||j|||000zy
200 0# - ЗАГЛАВИЕ И СВЕДЕНИЯ ОБ ОТВЕТСТВЕННОСТИ
Основное заглавие Кн. 3
Первые сведения об ответственности [Де Чернатони Лесли, Харрис Фиона]
210 ## - ПУБЛИКАЦИЯ, РАСПРОСТРАНЕНИЕ И ДР.
Дата издания, распространения и т.д. 2017
Место издания, распространения и т.д. Б. м.
215 ## - ФИЗИЧЕСКАЯ ХАРАКТЕРИСТИКА
Специфическое обозначение материала и объем 81 с.
Другие сведения о физической характеристике ил.
320 ## - ПРИМЕЧАНИЯ О НАЛИЧИИ В ДОКУМЕНТЕ БИБЛИОГРАФИИ / УКАЗАТЕЛЯ
Текст примечания Библиогр.: с. 78-81 (62 назв.)
461 #0 - УРОВЕНЬ НАБОРА
Встроенное поле 001RU\NLR\BIBL_A\011526921
-- 2001#$aСтратегии маркетинга в сложном окружении$e[учебное пособие]$fМеждународный институт менеджмента ЛИНК$g[Стэплтон Тони$gперевели с английского Н.А. Соловьева, М.П. Толкачев$gрусский текст курса подготовили В.Н. Голубкина, Н.М. Жаворонкова]$vКн. 3
Системный номер (АБИС) связанной записи 12125233
Место публикации Жуковский
Дата публикации 2017
Первые сведения об ответственности Международный институт менеджмента ЛИНК
Имя издателя, распространителя и т.д. Изд-во Международного института менеджмента ЛИНК
Сведения, относящиеся к заглавию [учебное пособие]
Заглавие Стратегии маркетинга в сложном окружении
Номер тома Кн. 3
702 #1 - ИМЯ ЛИЦА - ВТОРИЧНАЯ ОТВЕТСТВЕННОСТЬ
Материалы, к которым относится поле rus
Графика поля Кириллица
Начальный элемент ввода Чернатони
Часть имени, кроме начального элемента ввода Л. де
Расширение инициалов личного имени Лесли де
Идентификатор авторитетной/нормативной записи RU\NLR\AUTH\7745724
Системный номер авторитетной/нормативной записи 28659
942 ## - ДОПОЛНИТЕЛЬНЫЕ ЭЛЕМЕНТЫ ЗАПИСИ (АБИС)
Тип экземпляра АБИС Книга
980 ## - КОЛЛЕКЦИЯ
Название коллекции Национальная библиография
Экземпляры
Тип экземпляра Дата поступления Источник поступления Библиотека постоянного хранения Библиотека текущего хранения Место хранения Шифр хранения Штрих-код Статус не для выдачи
Книга 15.11.2017 Обязательный экземпляр РНБ (Московский) РНБ (Московский) Русский книжный фонд: издания с 1957 года, 3этаж Хран 2017-8/3489 1-2052189  
Книга 15.11.2017 Обязательный экземпляр РНБ (Московский) РНБ (Московский) Русский книжный фонд: издания с 1957 года, 3этаж Хран 2017-8/3489 1-2052190